| 000 | 01970nam a2200349 i 4500 | ||
|---|---|---|---|
| 001 | bg | ||
| 003 | BPK | ||
| 005 | 20200730104052.0 | ||
| 008 | 010802s1998 pl a |100 0 pol | ||
| 015 | _aPB 2002/3657 | ||
| 020 |
_a838742465X _z8387424668 |
||
| 040 |
_aWA N _cBPK |
||
| 041 | 0 | _apol | |
| 080 | _a556.5(438) | ||
| 080 | _a502.51(438) | ||
| 080 | _a(06) | ||
| 245 | 0 | 0 |
_aFunkcjonowanie geoekosystemów zlewni rzecznych : _bpraca zbiorowa. _n1, _pŚrodowisko przyrodnicze dorzecza Parsęty - stan badań, zagospodarowanie, ochrona = The functioning of geoecosystems of river catchments. Natural environment of the Parsęta catchment - state of investigations, management and conservation / _cpod red. Andrzeja Kostrzewskiego ; Uniwersytet im. A. Mickiewicza w Poznaniu. Instytut Badań Czwartorzędu. Zakład Geomorfologii Dynamicznej. Stacja Geoekologiczna w Storkowie. |
| 246 | 3 | 1 | _aFunctioning of geoecosystems of river catchments. |
| 246 | 1 | 4 | _aFunkcjonowanie geosystemów zlewni rzecznych. |
| 260 |
_aPoznań : _bIBCZ UAM ; _aKoszalin : _bWydaw. Uczelniane Politechniki Koszalińskiej, _c1998. |
||
| 300 |
_a272 s. : _bil., mapy ; _c24 cm. |
||
| 500 | _aTyt. okł. i grzbiet.: Funkcjonowanie geosystemów zlewni rzecznych. Na s. 4 okł. błędny ISBN. Materiały ogólnopolskiego seminarium zorg. 8-9.XI.1995 r. | ||
| 504 | _aBibliogr. przy ref. | ||
| 651 | 4 |
_aParsęta (dorzecze) _xśrodowisko. |
|
| 655 | 4 | _aMateriały konferencyjne | |
| 710 | 2 |
_aUniwersytet im. Adama Mickiewicza (Poznań). _bStacja Geoekologiczna (Storków) |
|
| 710 | 2 |
_aPolitechnika Koszalińska. _bWydawnictwo Uczelniane. _4pbl. |
|
| 700 | 1 |
_aKostrzewski, Andrzej _d(1939- ) _eRedakcja |
|
| 856 |
_uhttp://koha.tu.koszalin.pl/cgi-bin/koha/opac-detail.pl?biblionumber=33964 _yKatalog online BPK |
||
| 856 |
_uhttp://dlibra.tu.koszalin.pl/dlibra/docmetadata?id=639&from=&dirids=1&ver_id=&lp=1&QI= _yBiblioteka Cyfrowa |
||
| 942 |
_2UKD _cKS |
||
| 999 |
_c33964 _d33964 |
||